រឿងស័ង្ខសិល្បជ័យ / (Record no. 6607)

MARC details
000 -LEADER
fixed length control field 02109nam a22002417a 4500
001 - CONTROL NUMBER
control field 6607
003 - CONTROL NUMBER IDENTIFIER
control field FISKH
005 - DATE AND TIME OF LATEST TRANSACTION
control field 20250516105633.0
008 - FIXED-LENGTH DATA ELEMENTS--GENERAL INFORMATION
fixed length control field 250513b cb ||||| |||| 00| 0 eng d
040 ## - CATALOGING SOURCE
Original cataloging agency FISKH
Language of cataloging khr
Transcribing agency FISKH
Modifying agency FISKH
082 ## - DEWEY DECIMAL CLASSIFICATION NUMBER
Classification number 800
100 ## - MAIN ENTRY--PERSONAL NAME
Personal name Uk , Oukha Vongsa Tebdey
245 ## - TITLE STATEMENT
Title រឿងស័ង្ខសិល្បជ័យ /
Statement of responsibility, etc. ឧកញ្ញ៉ាវង្សាធិបតី អ៊ុក
260 ## - PUBLICATION, DISTRIBUTION, ETC.
Place of publication, distribution, etc. ភ្នំពេញ :
Name of publisher, distributor, etc. លាងគីំម ,
Date of publication, distribution, etc. ២០១៤​ .
300 ## - PHYSICAL DESCRIPTION
Extent 92 pages :
Other physical details illustrations ;
Dimensions 21 cm .
520 ## - SUMMARY, ETC.
Summary, etc. សង្ខ័សិល្បជ័យ ជារឿងនិទានបុរាណខ្មែរ ដែលមានលក្ខណៈជារឿងព្រេងបែបពុទ្ធសាសនានិងទស្សនៈខ្មែរបុរាណ។ រឿងនេះសម្បូរទៅដោយខ្នាតនៃគុណធម៌ សេចក្ដីស្រឡាញ់ ការលះបង់ខ្លួន និងជំនឿលើបរិសុទ្ធភាពនៃសតិវិនិច្ឆ័យ។ <br/>រឿងនេះជារឿងដែលមានតម្លៃអប់រំខ្ពង់ខ្ពស់ ហើយត្រូវបានយកទៅសម្ដែងជាល្ខោន និងសៀវភៅអប់រំក្នុងសាលារៀនយ៉ាងទូលំទូលាយ។
520 ## - SUMMARY, ETC.
Summary, etc. Sangkh Silap Chai is an ancient Khmer folktale characterized by elements of Buddhist storytelling and traditional Khmer philosophy. The story is rich in themes of virtue, love, self-sacrifice, and a deep belief in the purity of judgment.<br/><br/>It is a highly educational tale that has been widely adapted into theatrical performances and used as a teaching resource in schools.
650 ## - SUBJECT ADDED ENTRY--TOPICAL TERM
Topical term or geographic name entry element ស័ង្ខសិល្បជ័យ​
Form subdivision អក្សរសិល្ប៏បុរាណ
650 ## - SUBJECT ADDED ENTRY--TOPICAL TERM
Topical term or geographic name entry element Sang sil chey
Form subdivision Khmer folktale
700 ## - ADDED ENTRY--PERSONAL NAME
Personal name អុឺង លាងគីម​
Relator term អ្នករៀបរៀង​
942 ## - ADDED ENTRY ELEMENTS (KOHA)
Source of classification or shelving scheme Dewey Decimal Classification
Koha item type Khmer Books
Suppress in OPAC No
Holdings
Withdrawn status Lost status Source of classification or shelving scheme Damaged status Not for loan Collection Home library Current library Shelving location Date acquired Total Checkouts Full call number Barcode Date last seen Copy number Price effective from Koha item type
    Dewey Decimal Classification     Khmer Language Books / សៀវភៅភាសាខ្មែរ Footprints International School Library Network Toul Tom Poung Campus Footprints International School Library Network Toul Tom Poung Campus TTP Secondary Khmer Bookshelves 05/13/2025   UK 800 FISSE01625 05/13/2025 1 05/13/2025 Khmer Books
    Dewey Decimal Classification     Khmer Language Books / សៀវភៅភាសាខ្មែរ Footprints International School Library Network Toul Tom Poung Campus Footprints International School Library Network Toul Tom Poung Campus TTP Secondary Khmer Bookshelves 05/16/2025   UK 800 FISSE01662 05/16/2025 2 05/16/2025 Khmer Books